000 00954nam a2200193 i 4500
001 154267
003 ES-MaACL
005 20250824074921.0
008 010903s1861 sp |||| | spa d
100 1 _aGaspar, Enrique.
_955881
245 1 3 _aLa escala del matrimonio
_b: comedia en tres actos y en verso /
_coriginal de Enrique Gaspar.
260 _aMadrid :
_b[s.n.],
_c1861 (
_fImp. de José Rodríguez)
300 _a69 p. ;
_c21 cm.
490 1 _aEl teatro: colección de obras dramáticas y líricas
500 _aEstrenada con aplauso en el teatro Principal de Valencia el 15 de mayo de 1861, a beneficio de la primera actriz Matilde Duclós.
830 0 3 _aEl teatro: colección de obras dramática y líricas
_9221753
852 _aES-MaACL
_jF-8552(8)
_z- Enc. pasta española, falto de la enc. original
_z- Enc. en un vol. facticio, formando parte de la col. facticia "Teatro español moderno", v. 4
999 _c154267
_d154267